00793nam a2200217 a 450000100100000000500170001000800410002702000150006804000250008308200180010810000360012624500830016226000400024530000210028550000390030665000290034565000310037491000370040595201160044299900170055800004226420201002040035.0131121s1977 sp 000 p spa d a8401809533 aDO-SdBNPbspacBNPHU a861.08bB242p1 aBarcells, José María96929610aPoemas del Destierro :bantología, siglos XVI-XX /cJosé María Barcells. aBarcelona, :bPlaza & Janes,c1977. a302 p. ;c19 cm. aSelecciones de poesía española 4aPoesía española9631 4aLiteratura española9632 aValidado. Control de calidad MFF 001050718MOaGRbGRcHDd2013-11-21iLF1l0o861.08 B242pp42264-10r2020-06-25w2020-06-25y1ZNo se presta c41753d41753